000 00688nam a2200181Ia 4500
008 151202s9999||||xx |||||||||||||| ||und||
082 _bPNVM-50016
100 _aमेहेर चंद्रकांत.
245 _aप्राजक्ताच्या सावल्या.
260 _b"अनघा प्रकाशन,ठाणे."
260 _c2004
300 _a112
600 _aमेहेर चंद्रकांत.
630 _aप्राजक्ताच्या सावल्या.
700 _aमेहेर चंद्रकांत.
730 _aप्राजक्ताच्या सावल्या.
942 _cBOOK
999 _c1316558
_d1316555